000 00705cam a22002413a 4500
001 42182
003 PGUSA
005 20140828083943.0
008 130224s2013||||xxu|||||s|||||000 1 eng d
040 _aPGUSA
_beng
042 _adc
050 4 _aPS
100 1 _aHoward, Robert E.
_q(Robert Ervin),
_d1906-1936
245 1 4 _aThe Hyborian Age
_h[electronic resource] /
_cRobert E. Howard
260 _bProject Gutenberg,
_c2013
506 _aPublic domain in the USA.
516 _aElectronic text
653 _aConan (Fictitious character) -- Fiction
653 _aFantasy fiction, American
830 0 _aProject Gutenberg
_v42182
856 4 0 _uhttp://www.gutenberg.org/ebooks/42182
942 _cEB
999 _c271434
_d271434